000 00484nam a2200169 i 4500
001 104623
003 ES-MaACL
005 20230906183641.0
007 t|
008 051202s1960 ag ||||1| spa d
100 1 _aMinkowski, E.
_981367
245 1 3 _aLa esquizofrenia /
_cE. Minkowski; [versión castellana de Ana H. Rose].
260 _aBuenos Aires :
_bPaidós,
_c1960.
300 _a218 p. ;
_c23 cm.
700 1 _aRose, Ana H.
_999665
852 _aES-MaACL
_jC-19639
_bR.47527
999 _c104623
_d104623